Catálogo público

Diagnóstico para la instalación de centros de acopio, Quintana Roo frutas y hortalizas / México. Sistema Nacional para el Abasto (Record no. 209321)

MARC details
000 -CABECERA
campo de control de longitud fija 00895nam a2200241Ia 4500
001 - NÚMERO DE CONTROL
campo de control dia_3220
003 - IDENTIFICADOR DEL NÚMERO DE CONTROL
campo de control CHAP
005 - FECHA Y HORA DE LA ÚLTIMA TRANSACCIÓN
campo de control 20251014143424.0
008 - DATOS DE LONGITUD FIJA--INFORMACIÓN GENERAL
campo de control de longitud fija 220601s9999 xx 000 0 und d
040 ## - FUENTE DE LA CATALOGACIÓN
Centro catalogador/agencia de origen mxchpua
Normas de descripción rda
090 ## - LOCALMENTE ASIGNADO TIPO-LC NÚMERO DE CLASIFICACIÓN (OCLC); NÚMERO DE CLASIFICACIÓN LOCAL (RLIN)
Número de clasificación (OCLC) (R) ; Numero de clasificación, CALL (RLIN) (NR) FOLLETO 2305
100 ## - ENTRADA PRINCIPAL--NOMBRE DE PERSONA
Nombre de persona Sistema Nacional para el Abasto. México
9 (RLIN) 147856
110 ## - ENTRADA PRINCIPAL--NOMBRE DE ENTIDAD CORPORATIVA
Nombre de entidad corporativa o nombre de jurisdicción como elemento de entrada MÉXICO. SISTEMA NACIONAL PARA EL ABASTO
245 ## - MENCIÓN DE TÍTULO
Título Diagnóstico para la instalación de centros de acopio, Quintana Roo frutas y hortalizas / México. Sistema Nacional para el Abasto
260 ## - PUBLICACIÓN, DISTRIBUCIÓN, ETC.
Lugar de publicación, distribución, etc. México : Sistema Nacional para el Abasto
500 ## - NOTA GENERAL
Nota general S/c
650 ## - PUNTO DE ACCESO ADICIONAL DE MATERIA--TÉRMINO DE MATERIA
Término de materia o nombre geográfico como elemento de entrada 1. Frutas y hortalizas - Quintana Roo - Producción
9 (RLIN) 175812
700 ## - PUNTO DE ACCESO ADICIONAL--NOMBRE DE PERSONA
Nombre de persona Secretaría de Agricultura y Recursos Hidraúlicos. MéxicoÌ
9 (RLIN) 175813
901 ## - ELEMENTOS DE DATOS A LOCAL LDA (RLIN)
a FOLLETO 2305
902 ## - ELEMENTOS DE DATOS B LOCAL, LDB (RLIN)
a M
905 ## - ELEMENTOS DE DATOS E LOCAL, LDE (RLIN)
a 0000001984 mx 0000000000spa00
942 ## - ELEMENTOS DE PUNTO DE ACCESO ADICIONAL (KOHA)
Tipo de ítem Koha Folleto
Fuente del sistema de clasificación o colocación Clasificación Universidad Autónoma de Chapingo
Holdings
Estado de retiro Estado de pérdida Fuente del sistema de clasificación o colocación Estado dañado No para préstamo Localización permanente Ubicación/localización actual Fecha de adquisición Total de préstamos Código de barras Fecha visto por última vez Número de copia Precio válido a partir de Tipo de ítem Koha
    Clasificación Universidad Autónoma de Chapingo     Ingenieria Agroindustrial Ingenieria Agroindustrial 01/06/2022   dia_FOLLETO 2305 01/06/2022 1 01/06/2022 Folleto